00626nam a22002057a 45000010005000000030006000050050017000110080041000280200015000690400029000840500013001131000023001262450091001492600057002403000044002975050008003415210029003495210020003786500022003984796FISKH20241014125814.0241014b cb ||||| |||| 00| 0 eng d a0875346405 aFISKHbengcFISKHdFISKH aPZ5.E975 aJordan, Katherine  aThe extraordinary bubble: And other fanciful adventure stories /cby Katherine Jordan  aColunbus : bHighlights for Children, Inc ; c1995 . a96 pages : billustrations ; c20 cm .  aK 8 a510 bLexile estimate 8 aK bRaz-Plus  adonated vfiction